Ṡrī Ān̄canēyar Purāṇam. (Record no. 85584)

MARC details
000 -LEADER
fixed length control field 00666cam a22002411 4500
001 - CONTROL NUMBER
control field sa 68014165
003 - CONTROL NUMBER IDENTIFIER
control field DLC
005 - DATE AND TIME OF LATEST TRANSACTION
control field 20260227112629.0
008 - FIXED-LENGTH DATA ELEMENTS--GENERAL INFORMATION
fixed length control field 890926s1968 xx 000 0 tam
010 ## - LIBRARY OF CONGRESS CONTROL NUMBER
LC control number sa 68014165
035 ## - SYSTEM CONTROL NUMBER
System control number (OCoLC)23571540
040 ## - CATALOGING SOURCE
Original cataloging agency DLC
Transcribing agency MiU
Modifying agency DLC
042 ## - AUTHENTICATION CODE
Authentication code premarc
050 00 - LIBRARY OF CONGRESS CALL NUMBER
Classification number BL1225.H3
Item number R35
100 1# - MAIN ENTRY--PERSONAL NAME
Personal name Ramanathan, S.,
Dates associated with a name 1931-
245 10 - TITLE STATEMENT
Title Ṡrī Ān̄canēyar Purāṇam.
260 ## - PUBLICATION, DISTRIBUTION, ETC.
Date of publication, distribution, etc. [1968]
300 ## - PHYSICAL DESCRIPTION
Extent 448 p.
Other physical details illus.
Dimensions 18 cm.
500 ## - GENERAL NOTE
General note In Tamil.
500 ## - GENERAL NOTE
General note Based chiefly on Vālmīki]s Rāmāyaṇa and sections of the Puranas.
650 #0 - SUBJECT ADDED ENTRY--TOPICAL TERM
Topical term or geographic name entry element Hanumān (Hindu deity)
700 0# - ADDED ENTRY--PERSONAL NAME
Personal name Vālmīki
Title of a work Rāmāyaṇa

No items available.

Powered by Koha